Devinez le film des années 2020 par le casting - Films français - Statistiques

Statistiques générales
  • Ce quiz a été pris 28 fois
  • Le résultat moyen est 5 sur 20
Statistiques - réponses
Hint Réponse % Correct
Adèle Exarchopoulos, François Civil, Mallory Wanecque, Malik Frikah, Alain Chabat, Benoît Poelvoorde, Jean-Pascal Zadi, Élodie Bouchez, Karim Leklou L'amour ouf
84%
Albert Dupontel, Virginie Efira, Nicolas Marié, Jackie Berroyer, Bastien Ughetto,Marilou Aussiloux, Kyan Khojandi Adieu les cons
52%
Sandra Hüller, Swann Arlaud, Milo Machado-Graner, Antoine Reinartz, SamuelTheis, Messi le clebs Anatomie d'une chute
52%
Zoe Saldaña, Karla Sofía Gascón, Adriana Paz, Selena Gomez Emilia Perez
52%
Pierre Niney, Bastien Bouillon, Anaïs Demoustier, Anamaria Vartolomei, LaurentLafitte, Pierfrancesco Favino, Patrick Mille, Vassili Schneider Le Comte de Monte-Cristo
44%
Demi Moore, Margaret Qualley, Dennis Quaid The Substance
44%
Jean Pascal Zadi, Ramzy Bedia, Fabrice Eboué, Fary, Stéfy Celma, Melha Bedia,Eric Judor, Kareen Guiock, Omar Sy, Caroline Anglade, Soprano Tout simplement noir
28%
Gilles Lellouche, Vincent Lacoste, Anaïs Demoustier, Jean-Pascal Zadi, OulayaAmamra, Grégoire Ludig, Adèle Exarchopoulos, Blanche Gardin, Anthony Sonigo, Raphaël Quenard, Alain Chabat, Benoît Poelvoorde Fumer fait tousser
24%
Hakim Jemili, Laura Felpin, Benjamin Tranié, Abdulah Sissoko, Steve Tientcheu,François Damiens L'amour c'est surcoté
24%
Fabrice Éboué, Marina Foïs, Lisa Do Couto Teixeira, Virginie Hocq,Jean-François Cayrey Barbaque
20%
Pierre Niney, Blanche Gardin, Vincent Elbaz, Sting, Frankie Wallach, Françoise Lebrun, Camille Rutherford, Mourad Boudaoud Le livre des solutions
20%
Florent Dorin, Arnaud Ducret, Enya Baroux, Raphaël Descraques, Audrey Pirault,Slimane-Baptiste Berhoun, Mathieu Poggi, Vincent Tirel, Lénie Chérino, Simon Astier, Ludovik, Assa Sylla, Alex Ramirès Le visiteur du futur
12%
Charlotte Gainsbourg, José Garcia, Adrien Ménielle, Luis Rego, Lyes Salem,Lili Aubry, Benjamin Tranié, Justine Lepottier, Hadrien Heaulmé, Baptiste Lecaplain, Vincent Tirel, Simon Astier Nous, les Leroy
12%
Franck Dubosc, Laure Calamy, Benoît Poelvoorde, Joséphine de Meaux Un ours dans le Jura
12%
Alexandre Astier, Clovis Cornillac, Guillaume Gallienne, Alain Chabat, ThomasCousseau, Anne Girouard, Lionnel Astier, Joëlle Sevilla, Géraldine Nakache, Audrey Fleurot, Franck Pitiot, Sting, Géraldine Nakache, Audrey Fleurot Kaamelott Premier Volet
8%
Roman Frayssinet, Djimo, Ludivine Sagnier, Mathieu Kassovitz, Anthony Bajon,Kyan Khojandi, Bun Hay Mean, Hakim Jemili, Fadily Camara, Alban Ivanov, Fary, Omar Sy, Marwa Loud, Heuss l'Enfoiré Les méchants
8%
Léa Seydoux, Vincent Lindon, Louis Garrel, Raphaël Quenard Le Deuxième Acte
4%
Pio Marmaï, Lucie Zhang, Sofiane Zermani, Maria de Medeiros, Panayotis Pascot,Joseph Olivennes Le Roi Soleil
4%
Alma Jodorowsky, Swann Arlaud, Vincent Macaigne, Louis Garrel, William Lebghil,Sophie Mas, Oxmo Puccino Arco
0%
François Damiens, Ramzy Bédia, Vanessa Paradis, Gustave Kervern, JoeyStarr, Bouli Lanners, Valeria Bruni Tedeschi, Bruno Podalydès, Vincent Macaigne Cette musique ne jouepour personne
0%
Aucun quiz correspondant
Distribution des résultats
% des personnes avec chaque résultat
Percentile par nombre de réponses
Votre historique - résultats
Vous n’avez pas pris ce quiz